Kinder und ihre Wohnumgebung

Guardado en:  
Detalles Bibliográficos
Autores principales: Klöckner, Christian (Autor) ; Stecher, Ludwig 1961- (Autor) ; Zinnecker, Jürgen 1941-2011 (Autor)
Tipo de documento: Print Artículo
Lenguaje:Alemán
Publicado: 2002
En: Kindheit 2001 - das LBS-Kinderbarometer
Año: 2002, Páginas: 275-297
Verificar disponibilidad: HBZ Gateway
Palabras clave:

MARC

LEADER 00000caa a22000002c 4500
001 1525780271
003 DE-627
005 20220604104452.0
007 tu
008 160223s2002 xx ||||| 00| ||ger c
020 |a 3810032026 
035 |a (DE-627)1525780271 
035 |a (DE-576)455780277 
035 |a (DE-599)BSZ455780277 
040 |a DE-627  |b ger  |c DE-627  |e rakwb 
041 |a ger 
100 1 |a Klöckner, Christian  |4 aut 
245 1 0 |a Kinder und ihre Wohnumgebung  |c Christian Klöckner, Ludwig Stecher, Jürgen Zinnecker 
264 1 |c 2002 
336 |a Text  |b txt  |2 rdacontent 
337 |a ohne Hilfsmittel zu benutzen  |b n  |2 rdamedia 
338 |a Band  |b nc  |2 rdacarrier 
700 1 |a Stecher, Ludwig  |d 1961-  |0 (DE-588)12319928X  |0 (DE-627)082407444  |0 (DE-576)184510317  |4 aut 
700 1 |a Zinnecker, Jürgen  |d 1941-2011  |0 (DE-588)123044642  |0 (DE-627)082313288  |0 (DE-576)163675538  |4 aut 
773 0 8 |i In  |t Kindheit 2001 - das LBS-Kinderbarometer  |d Opladen : Leske + Budrich, 2002  |g (2002), Seite 275-297  |h 338 S  |w (DE-627)332502961  |w (DE-576)094128502  |z 3810032026  |7 nnam 
773 1 8 |g year:2002  |g pages:275-297 
935 |a mkri 
951 |a AR 
ELC |b 1 
LOK |0 000 xxxxxcx a22 zn 4500 
LOK |0 001 2899224840 
LOK |0 003 DE-627 
LOK |0 004 1525780271 
LOK |0 005 20251209131128 
LOK |0 008 160208||||||||||||||||ger||||||| 
LOK |0 040   |a DE-21-110  |c DE-627  |d DE-21-110 
LOK |0 689   |a s  |a Kinder 
LOK |0 689   |a s  |a Wohnumfeld 
LOK |0 852   |a DE-21-110 
LOK |0 852 1  |m p  |9 00 
LOK |0 935   |a k110 
LOK |0 938   |k p 
LOK |0 939   |a 08-02-16  |b l01 
ORI |a SA-MARC-krimdoka001.raw